书目信息 |
| 题名: |
分子光谱学
|
|
| 作者: | 赖文 , Levine, 著 ;李碧钦 , 张建中 , 徐广智 译 | |
| 分册: | ||
| 出版信息: | 北京 高等教育出版社 1985 |
|
| 页数: | 526页 | |
| 开本: | 20cm | |
| 丛书名: | ||
| 单 册: | ||
| 中图分类: | O561.3 | |
| 科图分类: | ||
| 主题词: | 分子光谱学 | |
| 电子资源: | ||
| ISBN: | ||
| 000 | 00790nam0 2200277 45 | |
| 001 | 0185010961 | |
| 005 | 20060811154101.56 | |
| 010 | @dCNY3.80 | |
| 091 | @a13010.0964 | |
| 100 | @a19900829d1985 emky0chiy0121 ea | |
| 101 | 1 | @achi@ceng |
| 102 | @aCN@b110000 | |
| 105 | @ay z 001yy | |
| 200 | 10 | @a分子光谱学@Afen zi guang pu xue@f(美)赖文(Levine,lraN.)著@g徐广智等译 |
| 210 | @a北京@c高等教育出版社@d1985 | |
| 215 | @a526页@d20cm | |
| 606 | @a分子光谱学 | |
| 690 | @aO561.3@v3 | |
| 701 | 1 | @a赖文@Alai wen@blra N.@4著 |
| 701 | A1 | @aLevine,@blra N.@4著 |
| 702 | 0 | @a李碧钦@Ali bi qin@4译 |
| 702 | 0 | @a张建中@Azhang jian zhong@4译 |
| 702 | 0 | @a徐广智@Axu guang zhi@4译 |
| 801 | 2 | @aCN@bNLC@c20060811 |
| 801 | 0 | @aCN@b深圳图书馆@c20040517 |
| 905 | @dO561.3@e20@f1@b150587 | |
| 分子光谱学/(美)赖文(Levine,lraN.)著/徐广智等译.-北京:高等教育出版社,1985 |
| 526页;20cm |
| ISBN :CNY3.80 |
| ● |
| 相关链接 |
|
|
|
|
正题名:分子光谱学
索取号:O561.3/20
 
预约/预借
| 序号 | 登录号 | 条形码 | 馆藏地/架位号 | 状态 | 备注 |
| 1 | 0150585 | 001451226 | 第三借阅区/ [索取号:O561.3/20] | 在馆 | |
| 2 | 0150586 | 001451262 | 第三借阅区/ [索取号:O561.3/20] | 在馆 | |
| 3 | 0150587 | 001941466 | 第三借阅区/ [索取号:O561.3/20] | 在馆 | |
| 4 | 0150588 | 001451155 | 第三借阅区/ [索取号:O561.3/20] | 在馆 | |
| 5 | 0150589 | 001451182 | 第二样本阅览室/ [索取号:O561.3/20] | 在馆 | |
| 6 | 0452256 | 204522560 | 密集书库/ [索取号:O561.3/20] | 在馆 |